Kompenzácia úprav cestovného a daň z príjmov zo závislej činnosti Daňové A B C
Podmienky na uplatnenie odpočítateľnej položky z dane z príjmov na cestovné výdavky. Nárok zamestnanca na zvýšenú sumu na úhradu cestovných výdavkov. Nárok na 300 Sk mesačne. Príklady. Zákony týkajúce sa príjmov, ktoré zamestnanec obdrží od sociálneho fondu.
Uložené v:
| Hlavný autor: | |
|---|---|
| Médium: | Kapitola |
| Jazyk: | Slovak |
| Predmet: | |
| Tagy: |
Žiadne tagy, Buďte prvý, kto otaguje tento záznam!
|
MARC
| LEADER | 00000naa a2200000 4500 | ||
|---|---|---|---|
| 001 | r018914 | ||
| 005 | 20221213100129.3 | ||
| 041 | 0 | |a slo | |
| 044 | |a SK | ||
| 245 | 1 | 0 | |a Kompenzácia úprav cestovného a daň z príjmov zo závislej činnosti |b Daňové A B C |c Dagmar Piršelová |
| 520 | |a Podmienky na uplatnenie odpočítateľnej položky z dane z príjmov na cestovné výdavky. Nárok zamestnanca na zvýšenú sumu na úhradu cestovných výdavkov. Nárok na 300 Sk mesačne. Príklady. Zákony týkajúce sa príjmov, ktoré zamestnanec obdrží od sociálneho fondu. | ||
| 610 | 2 | 0 | |a cestovné |
| 610 | 2 | 0 | |a výdavky |
| 610 | 2 | 0 | |a dane z príjmov |
| 610 | 2 | 0 | |a zamestnanci |
| 610 | 2 | 0 | |a zákony |
| 610 | 2 | 0 | |a Slovensko |
| 610 | 2 | 0 | |a 1992 |
| 610 | 2 | 0 | |a 1994 |
| 610 | 2 | 0 | |a dávky sociálne |
| 610 | 2 | 0 | |a fond sociálny |
| 100 | 1 | |a Piršelová, Dagmar | |